• AIU
  • Tony Wilmot Memorial Library

Microsoft Visual InterDev 6.0 programmer's guide. (Record no. 58781)

MARC details
000 -LEADER
fixed length control field 01133cam a2200313 a 4500
001 - CONTROL NUMBER
control field 3087737
003 - CONTROL NUMBER IDENTIFIER
control field OSt
005 - DATE AND TIME OF LATEST TRANSACTION
control field 20161112020003.0
008 - FIXED-LENGTH DATA ELEMENTS--GENERAL INFORMATION
fixed length control field 980401s1998 waua 001 0 eng
010 ## - LIBRARY OF CONGRESS CONTROL NUMBER
LC control number 98018207
020 ## - INTERNATIONAL STANDARD BOOK NUMBER
International Standard Book Number 1572318678 (pbk.)
040 ## - CATALOGING SOURCE
Original cataloging agency DLC
Transcribing agency DLC
Modifying agency DLC
050 00 - LIBRARY OF CONGRESS CALL NUMBER
Classification number TK5105.8885
Item number M53 1998
082 00 - DEWEY DECIMAL CLASSIFICATION NUMBER
Classification number 005.2/76
Edition number 21
245 00 - TITLE STATEMENT
Title Microsoft Visual InterDev 6.0 programmer's guide.
246 30 - VARYING FORM OF TITLE
Title proper/short title Visual InterDev 6.0 programmer's guide
246 3# - VARYING FORM OF TITLE
Title proper/short title Microsoft Visual InteDev six point zero programmer's guide
246 3# - VARYING FORM OF TITLE
Title proper/short title Visual InterDev six point zero programmer's guide
260 ## - PUBLICATION, DISTRIBUTION, ETC. (IMPRINT)
Place of publication, distribution, etc Redmond, Wash. :
Name of publisher, distributor, etc Microsoft Press,
Date of publication, distribution, etc c1998.
300 ## - PHYSICAL DESCRIPTION
Extent xxii, 480 p. :
Other physical details ill. ;
Dimensions 23 cm.
500 ## - GENERAL NOTE
General note Includes index.
630 00 - SUBJECT ADDED ENTRY--UNIFORM TITLE
Uniform title Microsoft Visual InterDev.
9 (RLIN) 25831
650 #0 - SUBJECT ADDED ENTRY--TOPICAL TERM
Topical term or geographic name as entry element Web sites
General subdivision Design.
9 (RLIN) 25832
710 2# - ADDED ENTRY--CORPORATE NAME
Corporate name or jurisdiction name as entry element Microsoft Press.
9 (RLIN) 25833
906 ## - LOCAL DATA ELEMENT F, LDF (RLIN)
a 7
b cbc
c orignew
d 1
e ocip
f 19
g y-gencatlg
942 ## - ADDED ENTRY ELEMENTS (KOHA)
Source of classification or shelving scheme Library of Congress Classification
Koha item type Books
Koha issues (borrowed), all copies 2
Holdings
Withdrawn status Lost status Source of classification or shelving scheme Damaged status Not for loan Collection code Home library Current library Shelving location Date acquired Source of acquisition Cost, normal purchase price Total Checkouts Full call number Barcode Date last seen Date checked out Copy number Price effective from Koha item type
    Library of Congress Classification     General Circulation AIU/NEGST - Tony Wilmot Memorial Library AIU/NEGST - Tony Wilmot Memorial Library General Stacks 03/11/2014 donation 40.00 2 TK 5105.8885 M53 1998 R28633J3232 09/26/2019 11/11/2016 1 03/11/2014 Books